Poeple-oriented approaches in global conservation: is the leopard changing its spots? (Record no. 53811)

MARC details
000 -LEADER
fixed length control field 00711nam a2200169 a 4500
008 - FIXED-LENGTH DATA ELEMENTS--GENERAL INFORMATION
fixed length control field 130410s2002 ||||||||||||||||| || u
020 ## - INTERNATIONAL STANDARD BOOK NUMBER
International Standard Book Number 1843690365
050 ## - LIBRARY OF CONGRESS CALL NUMBER
Classification number QH 72 Jea
100 ## - MAIN ENTRY--PERSONAL NAME
Personal name Jeanrenaud, Sally
245 10 - TITLE STATEMENT
Title Poeple-oriented approaches in global conservation: is the leopard changing its spots?
Statement of responsibility, etc. by Sally Jeanrenaud
260 ## - PUBLICATION, DISTRIBUTION, ETC.
Place of publication, distribution, etc. London:
Name of publisher, distributor, etc. International Institute for Environment and Development (IIED)
Date of publication, distribution, etc. 2002
300 ## - PHYSICAL DESCRIPTION
Extent xii, 68p.: ill.
500 ## - GENERAL NOTE
General note Bibliography
650 ## - SUBJECT ADDED ENTRY--TOPICAL TERM
Topical term or geographic name entry element GLOBAL CONSERVATION
650 #7 - SUBJECT ADDED ENTRY--TOPICAL TERM
Topical term or geographic name entry element NATURE CONSERVATION
Source of heading or term unbist
995 ## - RECOMMENDATION 995 [LOCAL, UNIMARC FRANCE]
-- CBU-MAIN LIBRARY (Kitwe)
-- 1
-- AVAILABLE
-- May 24, 2013
-- Annex Low-Usage Collection
Holdings
Withdrawn status Lost status Source of classification or shelving scheme Damaged status Not for loan Home library Current library Shelving location Date acquired Total Checkouts Full call number Barcode Date last seen Price effective from Koha item type
          CBU-MAIN LIBRARY, KITWE. CBU-MAIN LIBRARY, KITWE.   11/30/2022   QH 72 Jea 743727 11/30/2022 11/30/2022 MONOGRAPH